00249nam a2200097Ia 4500020001900000100002300019245004300042942000800085008004100093999001700134 a9781107642447" aLAGUE PETER 93312 0aSTUDY & MASTER STUDY GUIDE 10 ENGLISH  cBK 210805s9999 xx 000 0 und d c55664d55663